[Event "Oberliga Baden 1617"]
[Site "Baden"]
[Date "2017.04.23"]
[Round "8.7"]
[White "Strittmatter, Norbert"]
[Black "Aeschbacher, Johann"]
[Result "0-1"]
[WhiteElo "2106"]
[BlackElo "2048"]
[PlyCount "52"]
[EventDate "2016.10.16"]
[EventType "team-tourn"]
[EventRounds "9"]
[EventCountry "GER"]
[SourceTitle "EXT 2018"]
[Source "ChessBase"]
[SourceDate "2017.10.13"]
[SourceVersion "1"]
[SourceVersionDate "2017.10.13"]
[SourceQuality "1"]
[WhiteTeam "Waldshut Tiengen"]
[BlackTeam "Dreilaendereck"]
[WhiteTeamCountry "GER"]
[BlackTeamCountry "GER"]

1. e4 c5 2. Nf3 d6 3. d3 Nc6 4. g3 Nf6 5. Bg2 e6 6. 0-0 Be7 7. Re1 0-0 8. Nbd2 Qc7 9. Nf1 Rb8 10. c3 b5 11. Bf4 e5 12. Bd2 b4 13. Qc2 Be6 14. cxb4 Nxb4 15. Bxb4 Rxb4 16. b3 h6 17. Ne3 Qd7 18. Nd2 Ng4 19. f4 exf4 20. gxf4 Nxe3 21. Rxe3 Bf6 22. e5 dxe5 23. Rae1 exf4 24. Re4 Rxe4 25. Rxe4 Bd4+ 26. Kh1 g5 0-1

[Event "FRA-chT2 1011"]
[Site "France"]
[Date "2010.10.17"]
[Round "1.6"]
[White "Aeschbacher, Johann"]
[Black "Schwicker, Francois"]
[Result "1/2-1/2"]
[WhiteElo "2061"]
[BlackElo "2184"]
[PlyCount "88"]
[EventDate "2010.10.17"]
[EventType "team-tourn"]
[EventRounds "11"]
[EventCountry "FRA"]
[SourceTitle "EXT 2012"]
[Source "ChessBase"]
[SourceDate "2011.11.24"]
[SourceVersion "1"]
[SourceVersionDate "2011.11.24"]
[SourceQuality "1"]

1. d4 d5 2. Nf3 Bf5 3. c4 e6 4. cxd5 exd5 5. Qb3 Nc6 6. Bd2 Rb8 7. Nc3 Nf6 8. e3 Bb4 9. Be2 0-0 10. 0-0 Bxc3 11. Bxc3 Ne4 12. a4 Nxc3 13. Qxc3 Qd6 14. a5 Rfc8 15. Rfc1 Nd8 16. b4 c6 17. Qc5 Qxc5 18. bxc5 b5 19. cxb6 axb6 20. axb6 Rxb6 21. h3 Rcb8 22. g4 Be6 23. Ra3 f6 24. Rac3 Ra8 25. Ne1 Kf7 26. Nd3 Ke7 27. f3 Bc8 28. Nc5 Nb7 29. Nxb7 Bxb7 30. Kf2 Ra2 31. R1c2 Rbb2 32. Bd3 h6 33. Rxb2 Rxb2+ 34. Rc2 Rxc2+ 35. Bxc2 Kd6 36. h4 c5 37. dxc5+ Kxc5 38. Bf5 d4 39. exd4+ Kxd4 40. f4 Be4 41. Bc8 Bc6 42. g5 Be8 43. gxh6 gxh6 44. Kg3 Bh5 1/2-1/2

[Event "SUI-chT"]
[Site "Switzerland"]
[Date "1998.10.25"]
[Round "7.8"]
[White "Wittwer, Moritz"]
[Black "Aeschbacher, Johann"]
[Result "0-1"]
[WhiteElo "2180"]
[BlackElo "2150"]
[PlyCount "76"]
[EventDate "1998.03.29"]
[EventType "team-tourn"]
[EventRounds "9"]
[EventCountry "SUI"]
[SourceTitle "EXT 2006"]
[Source "ChessBase"]
[SourceDate "2005.11.24"]
[SourceVersion "1"]
[SourceVersionDate "2005.11.24"]
[SourceQuality "1"]

1. e4 c5 2. Nf3 d6 3. d4 cxd4 4. Nxd4 Nf6 5. Nc3 a6 6. Be3 e5 7. Nb3 Be7 8. Be2 0-0 9. g4 Be6 10. g5 Ne8 11. h4 Nc6 12. Bg4 Kh8 13. Nd5 a5 14. Bf5 a4 15. Nd2 Qa5 16. Nxe7 Nxe7 17. Qf3 Nxf5 18. exf5 Bd5 19. Qh3 Bxh1 20. Qxh1 d5 21. f4 d4 22. Bf2 Nd6 23. a3 e4 24. Bxd4 e3 25. 0-0-0 exd2+ 26. Rxd2 Nc4 27. Bc3 Qxf5 28. Rd4 Rac8 29. Qf3 Rfe8 30. h5 Re3 31. Qd1 Qb5 32. h6 Qb6 33. Qg4 Re1+ 34. Rd1 Rxd1+ 35. Qxd1 Rd8 36. Bxg7+ Kg8 37. Qh1 Qe3+ 38. Kb1 Nxa3+ 0-1